Encouragement for mothers: (Record no. 7203)

MARC details
000 -LEADER
fixed length control field 00581nam a22002057a 4500
003 - CONTROL NUMBER IDENTIFIER
control field GBCCL
005 - DATE AND TIME OF LATEST TRANSACTION
control field 20241126110622.0
008 - FIXED-LENGTH DATA ELEMENTS--GENERAL INFORMATION
fixed length control field 180718b ||||| |||| 00| 0 eng d
020 ## - INTERNATIONAL STANDARD BOOK NUMBER
International Standard Book Number 9789385974083
040 ## - CATALOGING SOURCE
Transcribing agency gbc
082 ## - DEWEY DECIMAL CLASSIFICATION NUMBER
Classification number 248.8431
Item number POO
100 ## - MAIN ENTRY--PERSONAL NAME
Personal name Poonen, Annie Zac
9 (RLIN) 12757
245 ## - TITLE STATEMENT
Title Encouragement for mothers:
Remainder of title from my experience as a mother /
Statement of responsibility, etc. Annie Zac Poonen
250 ## - EDITION STATEMENT
Edition statement Ind. ed.
260 ## - PUBLICATION, DISTRIBUTION, ETC.
Place of publication, distribution, etc. Bangalore:
Name of publisher, distributor, etc. Christian Fellowship Church,
Date of publication, distribution, etc. 2014
300 ## - PHYSICAL DESCRIPTION
Extent 20 p.;
Dimensions 20 cm.
650 ## - SUBJECT ADDED ENTRY--TOPICAL TERM
Topical term or geographic name entry element Mothers
9 (RLIN) 4312
650 ## - SUBJECT ADDED ENTRY--TOPICAL TERM
Topical term or geographic name entry element Christian life
9 (RLIN) 183
942 ## - ADDED ENTRY ELEMENTS (KOHA)
Source of classification or shelving scheme Dewey Decimal Classification
Koha item type Books
Koha issues (borrowed), all copies 2
Holdings
Withdrawn status Lost status Source of classification or shelving scheme Damaged status Not for loan Home library Current Library Shelving location Date acquired Total checkouts Full call number Barcode Date last seen Date last checked out Copy number Price effective from Koha item type
    Dewey Decimal Classification     GRACE BIBLE COLLEGE GRACE BIBLE COLLEGE Ministry & Mission 2018-07-18 1 248.8431 POO 013429 2025-05-01 2019-09-13 c.1 2018-07-18 Books
    Dewey Decimal Classification     GRACE BIBLE COLLEGE GRACE BIBLE COLLEGE Ministry & Mission 2022-04-20   248.8431 POO 005971 2025-05-01   c.2 2022-04-20 Books
    Dewey Decimal Classification     GRACE BIBLE COLLEGE GRACE BIBLE COLLEGE Ministry & Mission 2022-04-20 1 248.8431 POO 005973 2025-05-01 2024-10-29 c.3 2022-04-20 Books
    Dewey Decimal Classification     GRACE BIBLE COLLEGE GRACE BIBLE COLLEGE Ministry & Mission 2022-04-20   248.8431 POO 005986 2025-05-01   c.4 2022-04-20 Books
    Dewey Decimal Classification     GRACE BIBLE COLLEGE GRACE BIBLE COLLEGE Ministry & Mission 2022-04-20   248.8431 POO 005990 2025-05-01   c.5 2022-04-20 Books
© Grace Bible College Library 2025